Social Security disability advocate's handbook / (Registro nro. 172995)
[ vista simple ]
| 000 -LEADER | |
|---|---|
| fixed length control field | 01164nam a22003371i 4500 |
| 001 - CONTROL NUMBER | |
| control field | bslw10067335 |
| 006 - FIXED-LENGTH DATA ELEMENTS--ADDITIONAL MATERIAL CHARACTERISTICS--GENERAL INFORMATION | |
| fixed length control field | m o d |
| 007 - PHYSICAL DESCRIPTION FIXED FIELD--GENERAL INFORMATION | |
| fixed length control field | cr un ---uuuua |
| 008 - FIXED-LENGTH DATA ELEMENTS--GENERAL INFORMATION | |
| fixed length control field | 230711s2020 cau ob 001 0 eng d |
| 020 ## - INTERNATIONAL STANDARD BOOK NUMBER | |
| International Standard Book Number | 9781949517842 |
| 035 ## - | |
| -- | 38691 |
| 040 ## - CATALOGING SOURCE | |
| Original cataloging agency | UtOrBLW |
| Language of cataloging | eng |
| Description conventions | rda |
| Transcribing agency | UtOrBLW |
| 043 ## - | |
| -- | n-us--- |
| 050 #4 - | |
| -- | HD7125 |
| -- | .T73 2020 |
| 082 04 - | |
| -- | 368.4300973 |
| -- | 23 |
| 100 1# - MAIN ENTRY--PERSONAL NAME | |
| Personal name | Traver, David, |
| Relator term | author. |
| 245 10 - TITLE STATEMENT | |
| Title | Social Security disability advocate's handbook / |
| Statement of responsibility, etc | David Traver, Esq. and David Ferrari, Esq. |
| 250 ## - | |
| -- | Revision 16. |
| 264 #1 - | |
| -- | Costa Mesa, CA : |
| -- | James Publishing, |
| -- | 2020. |
| 300 ## - PHYSICAL DESCRIPTION | |
| Extent | 1 online resource (1 volume (various pagings)) |
| 336 ## - | |
| -- | text |
| -- | txt |
| -- | rdacontent |
| 337 ## - | |
| -- | computer |
| -- | c |
| -- | rdamedia |
| 338 ## - | |
| -- | online resource |
| -- | cr |
| -- | rdacarrier |
| 504 ## - BIBLIOGRAPHY, ETC. NOTE | |
| Bibliography, etc | Includes bibliographical references and index. |
| 650 #0 - SUBJECT ADDED ENTRY--TOPICAL TERM | |
| Topical term or geographic name as entry element | Social security |
| Geographic subdivision | United States |
| Form subdivision | Handbooks, manuals, etc. |
| 650 #0 - SUBJECT ADDED ENTRY--TOPICAL TERM | |
| Topical term or geographic name as entry element | People with disabilities |
| General subdivision | Legal status, laws, etc. |
| Geographic subdivision | United States. |
| 700 1# - ADDED ENTRY--PERSONAL NAME | |
| Personal name | Ferrari, David, |
| Relator term | author. |
| 856 40 - LOCALIZACIÓN Y ACCESO ELECTRÓNICO | |
| Identificador Uniforme del Recurso (URI/URL) | https://app.vlex.com/#/sources/38691 |
| 942 ## - | |
| -- | RAA |
| 999 ## - | |
| -- | 172995 |
| -- | 172995 |
No hay ítems disponibles.